[Event "GER-ch Net blitz sf"]
[Site "Playchess.com INT"]
[Date "2021.06.05"]
[Round "1"]
[White "Henning, Marvin"]
[Black "Gremmel, Jonas Simon"]
[Result "1-0"]
[WhiteElo "2258"]
[BlackElo "2054"]
[PlyCount "69"]
[EventDate "2021.06.05"]
[EventType "swiss (blitz)"]
[EventRounds "13"]
[EventCountry "GER"]
[SourceTitle "EXT 2023"]
[Source "ChessBase"]
[SourceDate "2022.10.05"]
[SourceVersion "1"]
[SourceVersionDate "2022.10.05"]
[SourceQuality "1"]

1. e4 c6 2. d4 d5 3. f3 g6 4. Nc3 Bg7 5. Be3 dxe4 6. fxe4 e5 7. d5 Nf6 8. h3 0-0 9. Nf3 Re8 10. a4 Qa5 11. Qd2 cxd5 12. exd5 e4 13. Nd4 Nxd5 14. Bc4 Nxe3 15. Qxe3 Qc5 16. Nf5 Qxc4 17. Nd6 Qe6 18. Nxe8 Qxe8 19. 0-0 Nc6 20. Kh1 f5 21. Rad1 Be6 22. Nb5 Qe7 23. Rd2 a6 24. Nc3 Rc8 25. Rfd1 Rc7 26. Ne2 Bf6 27. Nf4 Bf7 28. Qg3 Kg7 29. Nh5+ Kg8 30. Nxf6+ Qxf6 31. Qxc7 e3 32. Re2 f4 33. Rf1 Ne5 34. Rxe3 Bd5 35. Qxe5 1-0

[Event "GER-ch Net blitz sf"]
[Site "Playchess.com INT"]
[Date "2021.06.05"]
[Round "5"]
[White "Singh, Marcel"]
[Black "Henning, Marvin"]
[Result "0-1"]
[WhiteElo "2068"]
[BlackElo "2258"]
[PlyCount "106"]
[EventDate "2021.06.05"]
[EventType "swiss (blitz)"]
[EventRounds "13"]
[EventCountry "GER"]
[SourceTitle "EXT 2023"]
[Source "ChessBase"]
[SourceDate "2022.10.05"]
[SourceVersion "1"]
[SourceVersionDate "2022.10.05"]
[SourceQuality "1"]

1. e4 d5 2. a3 dxe4 3. Nc3 f5 4. Bc4 Nc6 5. Nh3 e5 6. d3 Be7 7. 0-0 f4 8. Nxe4 Bxh3 9. gxh3 Nf6 10. Ng5 Qd7 11. Be6 Qd6 12. Bf7+ Kf8 13. Bc4 Nd8 14. Re1 h6 15. Nf3 Nc6 16. Qe2 Nd7 17. b4 Bf6 18. Qe4 g5 19. Bb2 Re8 20. b5 Nd8 21. a4 Kg7 22. Ba3 Nc5 23. Qd5 Qxd5 24. Bxd5 b6 25. Bxc5 bxc5 26. Be4 Nf7 27. Nd2 Nd6 28. Nb3 c4 29. Na5 cxd3 30. cxd3 h5 31. Nc6 g4 32. hxg4 hxg4 33. Nxa7 Rh4 34. Rac1 Bd8 35. f3 Reh8 36. Re2 g3 37. Nc6 Bg5 38. Nxe5 gxh2+ 39. Kh1 Rh3 40. Rg2 Rg3 41. Rxc7+ Kf6 42. Nd7+ Ke7 43. Ne5+ Ke6 44. Rxh2 Rxh2+ 45. Kxh2 Kxe5 46. Rc5+ Ke6 47. d4 Bd8 48. d5+ Kd7 49. a5 Bxa5 50. b6 Bxb6 51. Rc3 Bg1+ 52. Kh1 Nxe4 53. Rc1 Nf2# 0-1

[Event "GER-ch Net blitz qual4"]
[Site "Playchess.com INT"]
[Date "2021.05.10"]
[Round "3"]
[White "Henning, Marvin"]
[Black "Rieling, Thomas"]
[Result "1-0"]
[WhiteElo "2254"]
[BlackElo "1792"]
[PlyCount "73"]
[EventDate "2021.05.10"]
[EventType "swiss (blitz)"]
[EventRounds "11"]
[EventCountry "GER"]
[SourceTitle "CBM 202 Extra"]
[Source "ChessBase"]
[SourceDate "2021.07.31"]
[SourceVersion "1"]
[SourceVersionDate "2021.07.31"]
[SourceQuality "1"]

1. e4 e5 2. Nf3 Nc6 3. Bb5 f5 4. d3 fxe4 5. dxe4 Nf6 6. Nc3 Bc5 7. Bg5 d6 8. Nd5 0-0 9. Bxf6 gxf6 10. Nh4 Kh8 11. Qh5 Rg8 12. Bc4 Na5 13. Bd3 c6 14. Ne3 Bxe3 15. fxe3 Bg4 16. Qh6 b5 17. 0-0 Nb7 18. Rxf6 Qe8 19. Raf1 Qh5 20. Qxh5 Bxh5 21. Rh6 Be8 22. Nf5 Rd8 23. Rf3 Rd7 24. Rf6 Bg6 25. Nh4 Nc5 26. Nxg6+ Rxg6 27. b4 Na6 28. c3 Nc7 29. Bc2 Kg7 30. Rf8 Ne6 31. Rc8 Ng5 32. Rf5 d5 33. exd5 Rxd5 34. Rc7+ Kh6 35. Rf1 Rg7 36. Rf6+ Kh5 37. Rxg7 1-0

[Event "GER-ch Net blitz qual3"]
[Site "Playchess.com INT"]
[Date "2021.05.07"]
[Round "4"]
[White "Henning, Marvin"]
[Black "Gast, Rainer"]
[Result "1-0"]
[WhiteElo "2305"]
[BlackElo "1869"]
[PlyCount "71"]
[EventDate "2021.05.07"]
[EventType "swiss (blitz)"]
[EventRounds "11"]
[EventCountry "GER"]
[SourceTitle "CBM 202 Extra"]
[Source "ChessBase"]
[SourceDate "2021.07.31"]
[SourceVersion "1"]
[SourceVersionDate "2021.07.31"]
[SourceQuality "1"]

1. e4 c6 2. d4 d5 3. f3 dxe4 4. fxe4 e5 5. Nf3 exd4 6. Bc4 Be7 7. 0-0 Nf6 8. e5 Nd5 9. Nxd4 Bc5 10. c3 0-0 11. Qf3 Be6 12. Bd3 Nd7 13. Qe4 g6 14. Bh6 Re8 15. Kh1 Bf8 16. Bxf8 Nxf8 17. Nd2 Qc7 18. N2f3 Nd7 19. Rae1 c5 20. Nb5 Qc6 21. Nd6 Rf8 22. Bb5 Qc7 23. Bxd7 Qxd7 24. Qh4 Kg7 25. c4 Ne7 26. Qf6+ Kg8 27. Ng5 Nf5 28. g4 Nxd6 29. exd6 Rae8 30. Kg1 Bxc4 31. Rxe8 Rxe8 32. Rf4 Bxa2 33. Kf2 Be6 34. Ne4 b6 35. Qg5 Bc4 36. Nf6+ 1-0

[Event "GER-ch Net blitz qual3"]
[Site "Playchess.com INT"]
[Date "2021.05.07"]
[Round "1"]
[White "Henning, Marvin"]
[Black "Moewisch, Dave"]
[Result "0-1"]
[WhiteElo "2305"]
[BlackElo "1767"]
[PlyCount "138"]
[EventDate "2021.05.07"]
[EventType "swiss (blitz)"]
[EventRounds "11"]
[EventCountry "GER"]
[SourceTitle "CBM 202 Extra"]
[Source "ChessBase"]
[SourceDate "2021.07.31"]
[SourceVersion "1"]
[SourceVersionDate "2021.07.31"]
[SourceQuality "1"]

1. e4 c6 2. d4 d5 3. Nc3 dxe4 4. Nxe4 Bf5 5. Qe2 Bxe4 6. Qxe4 Nf6 7. Qd3 e6 8. Nf3 Be7 9. c3 Nbd7 10. Be2 c5 11. 0-0 cxd4 12. cxd4 Nd5 13. a3 0-0 14. Bd2 N7b6 15. Rac1 Qd6 16. Ne5 Rac8 17. Bf3 Bf6 18. Ng4 Be7 19. Rfe1 Rxc1 20. Rxc1 Rc8 21. Rxc8+ Nxc8 22. Ne5 Ncb6 23. h3 Bf6 24. Nc4 Nxc4 25. Qxc4 Qc6 26. Qd3 h6 27. g3 Qb6 28. Bxd5 exd5 29. Bc3 a6 30. Kg2 Qe6 31. Qf3 Be7 32. g4 Bd8 33. Qf4 Qd7 34. Qe5 Bc7 35. Qe3 Qd6 36. Qe8+ Kh7 37. Qe3 Qh2+ 38. Kf1 Qh1+ 39. Ke2 g6 40. Bd2 Qe4 41. Qxe4 dxe4 42. f3 exf3+ 43. Kxf3 f5 44. Bf4 Bb6 45. Be5 fxg4+ 46. hxg4 Kg8 47. Ke4 Kf7 48. Kd5 h5 49. gxh5 gxh5 50. Kd6 h4 51. Kd7 h3 52. d5 Bd4 53. Bh2 Bxb2 54. a4 Ba3 55. d6 b5 56. axb5 axb5 57. Kc6 Bxd6 58. Bxd6 b4 59. Bxb4 h2 60. Kc5 h1Q 61. Kc4 Qc6+ 62. Kd4 Ke6 63. Bc3 Qd5+ 64. Ke3 Kf5 65. Bd2 Qe4+ 66. Kf2 Qd3 67. Ke1 Ke4 68. Be3 Kf3 69. Bf2 Qe2# 0-1

[Event "GER-chT School WK 2"]
[Site "Playchess.com INT"]
[Date "2020.06.15"]
[Round "7.1"]
[White "Henning, Marvin"]
[Black "Storck, Oliver"]
[Result "0-1"]
[WhiteElo "2007"]
[BlackElo "1764"]
[PlyCount "114"]
[EventDate "2020.06.08"]
[EventType "team-swiss (blitz)"]
[EventRounds "7"]
[EventCountry "GER"]
[SourceTitle "EXT 2021"]
[Source "ChessBase"]
[SourceDate "2020.10.23"]
[SourceVersion "1"]
[SourceVersionDate "2020.10.23"]
[SourceQuality "1"]
[WhiteTeam "Halle Cantor Gymn"]
[BlackTeam "Oberursel Gymn"]
[WhiteTeamCountry "GER"]
[BlackTeamCountry "GER"]

1. e4 c5 2. Na3 a6 3. g3 b5 4. Bg2 Bb7 5. Ne2 Nf6 6. d3 e6 7. 0-0 Nc6 8. c3 d5 9. Nc2 Be7 10. h3 0-0 11. f4 dxe4 12. dxe4 Qxd1 13. Rxd1 e5 14. Ne3 exf4 15. gxf4 Rfd8 16. Bd2 Rd3 17. e5 Nh5 18. Be4 Rd7 19. Nd5 Rad8 20. Be3 Kf8 21. Kf2 Na5 22. c4 Bh4+ 23. Kf3 Nxc4 24. Bxc5+ Ke8 25. Nec3 f5 26. exf6 Nxf6 27. Nxf6+ Bxf6 28. Bxb7 Rxb7 29. Rxd8+ Kxd8 30. Rd1+ Rd7 31. Rxd7+ Kxd7 32. Ne4 Bxb2 33. Bf8 Kc6 34. h4 a5 35. h5 b4 36. Ng5 Nd6 37. Nxh7 a4 38. Ng5 b3 39. axb3 a3 40. Ne4 a2 41. Nxd6 a1Q 42. Nf5 Qh1+ 43. Kg4 Qg2+ 44. Kh4 Bc3 45. Ng3 Be1 46. Kg5 Qxg3+ 47. Kf5 Bd2 48. Ke6 Qxf4 49. Bxg7 Qg4+ 50. Kf7 Qxh5+ 51. Kg8 Kd7 52. b4 Ke6 53. b5 Qe8+ 54. Kh7 Kf7 55. Bf8 Qe4+ 56. Kh8 Bc3+ 57. Bg7 Qh4# 0-1

[Event "GER-chT School WK 2"]
[Site "Playchess.com INT"]
[Date "2020.06.08"]
[Round "3.1"]
[White "Henning, Marvin"]
[Black "Engel, Luis"]
[Result "0-1"]
[WhiteElo "2007"]
[BlackElo "1982"]
[PlyCount "154"]
[EventDate "2020.06.08"]
[EventType "team-swiss (blitz)"]
[EventRounds "7"]
[EventCountry "GER"]
[SourceTitle "EXT 2021"]
[Source "ChessBase"]
[SourceDate "2020.10.23"]
[SourceVersion "1"]
[SourceVersionDate "2020.10.23"]
[SourceQuality "1"]
[WhiteTeam "Halle Cantor Gymn"]
[BlackTeam "Hamburg Privates Gymn"]
[WhiteTeamCountry "GER"]
[BlackTeamCountry "GER"]

1. e4 c5 2. Na3 e6 3. f4 d5 4. e5 Nc6 5. Nf3 f6 6. Bb5 Bd7 7. 0-0 Be7 8. c3 c4 9. Bxc6 bxc6 10. Nc2 f5 11. b4 Nh6 12. h3 0-0 13. Qe2 a5 14. a3 Qb6+ 15. Qf2 c5 16. Bb2 Ba4 17. Ne3 axb4 18. cxb4 cxb4 19. axb4 Bxb4 20. Bd4 Qc6 21. Rab1 Bb3 22. Rfc1 Qd7 23. d3 Ra2 24. Qg3 Bd2 25. Nxd2 Rxd2 26. dxc4 dxc4 27. Bc5 Rc8 28. Nxc4 Bxc4 29. Rxc4 Rd1+ 30. Rxd1 Qxd1+ 31. Kh2 Qd5 32. Qc3 Nf7 33. Qc1 h6 34. Rc3 g5 35. Be3 Rxc3 36. Qxc3 Kg7 37. Kg3 Qe4 38. Qd2 Kg6 39. Qf2 gxf4+ 40. Qxf4 Qxe5 41. Qxe5 Nxe5 42. Bb6 Nc4 43. Bc7 e5 44. Kf3 Kf6 45. Bb8 Nd2+ 46. Ke3 Nc4+ 47. Kf3 h5 48. g4 hxg4+ 49. hxg4 f4 50. Ke4 Nd2+ 51. Kd3 Nf3 52. Bc7 Ke6 53. Bb8 Kd5 54. Ke2 Ke4 55. Kf2 Ng5 56. Bc7 Ne6 57. Bb8 Nc5 58. g5 Kf5 59. g6 Ne6 60. Bd6 e4 61. g7 Nxg7 62. Bc5 Ne6 63. Ba7 Kg4 64. Ke2 Ng7 65. Kf2 Nf5 66. Ke2 Kg3 67. Bb8 Nd4+ 68. Ke1 e3 69. Ba7 Nc2+ 70. Ke2 f3+ 71. Kd1 e2+ 72. Kxc2 e1Q 73. Bb8+ Kg4 74. Ba7 f2 75. Kb3 f1Q 76. Ka4 Qc4+ 77. Ka3 Qec1# 0-1

[Event "GER Cup Net Final-A U2400"]
[Site "Playchess.com INT"]
[Date "2020.06.06"]
[Round "1"]
[White "Becker, Marcel"]
[Black "Henning, Marvin"]
[Result "0-1"]
[WhiteElo "2054"]
[BlackElo "2226"]
[PlyCount "56"]
[EventDate "2020.06.06"]
[EventType "swiss (blitz)"]
[EventRounds "13"]
[EventCountry "GER"]
[SourceTitle "CBM 197 Extra"]
[Source "ChessBase"]
[SourceDate "2020.09.30"]
[SourceVersion "1"]
[SourceVersionDate "2020.09.30"]
[SourceQuality "1"]

1. d4 c5 2. d5 d6 3. c4 g6 4. Nc3 Bg7 5. e4 e5 6. Be2 Ne7 7. g4 f5 8. gxf5 gxf5 9. Nf3 0-0 10. Rg1 Kh8 11. Ng5 Ng6 12. Bd3 h6 13. Qh5 Qf6 14. exf5 Bxf5 15. Nce4 Nf4 16. Bxf4 Bxe4 17. Nxe4 Qxf4 18. Qg6 Qf7 19. Nxd6 Qxg6 20. Rxg6 Na6 21. Nf5 e4 22. Bxe4 Rae8 23. Re6 Nb4 24. Rxe8 Rxe8 25. 0-0-0 Rxe4 26. d6 Bd4 27. d7 Nc6 28. Nd6 Re7 0-1

[Event "GER Cup Net Final-A U2400"]
[Site "Playchess.com INT"]
[Date "2020.06.06"]
[Round "12"]
[White "Henning, Marvin"]
[Black "Dahl, Christoph"]
[Result "1-0"]
[WhiteElo "2300"]
[BlackElo "2141"]
[PlyCount "75"]
[EventDate "2020.06.06"]
[EventType "swiss (blitz)"]
[EventRounds "13"]
[EventCountry "GER"]
[SourceTitle "CBM 197 Extra"]
[Source "ChessBase"]
[SourceDate "2020.09.30"]
[SourceVersion "1"]
[SourceVersionDate "2020.09.30"]
[SourceQuality "1"]

1. e4 c5 2. Na3 d5 3. exd5 Qxd5 4. Nf3 Bg4 5. Be2 Nc6 6. h3 Bh5 7. d3 0-0-0 8. Nc4 e5 9. 0-0 e4 10. dxe4 Qxe4 11. Ncd2 Qd5 12. c3 Nf6 13. Qa4 Kb8 14. Nc4 Be7 15. Bf4+ Bd6 16. Nxd6 Rxd6 17. Rad1 Ka8 18. Rxd5 Rxd5 19. Rd1 Rxd1+ 20. Qxd1 Rd8 21. Qb3 Nd5 22. Bg3 Bg6 23. Bc4 Na5 24. Qa4 Nxc4 25. Qxc4 b6 26. Qb5 Kb7 27. Ne5 Rd6 28. Nxg6 Rxg6 29. Qd7+ Ka6 30. Qxd5 h5 31. Qxf7 Rf6 32. Qc4+ b5 33. Qxc5 h4 34. Qc8+ Kb6 35. Bc7+ Kc5 36. Bd8+ Rc6 37. Qf5+ Kc4 38. Qe4+ 1-0

[Event "GER Pfingstopen U25"]
[Site "Playchess.com INT"]
[Date "2020.06.02"]
[Round "7"]
[White "Henning, Marvin"]
[Black "Hoffmann, Fabian"]
[Result "1-0"]
[WhiteElo "2249"]
[BlackElo "2469"]
[PlyCount "73"]
[EventDate "2020.06.02"]
[EventType "swiss (blitz)"]
[EventRounds "11"]
[EventCountry "GER"]
[SourceTitle "CBM 197 Extra"]
[Source "ChessBase"]
[SourceDate "2020.09.30"]
[SourceVersion "1"]
[SourceVersionDate "2020.09.30"]
[SourceQuality "1"]

1. e4 e6 2. d4 d5 3. exd5 exd5 4. c4 Nf6 5. Nc3 Bb4 6. Nf3 0-0 7. Be3 Bg4 8. Bd3 Re8 9. 0-0 Bxc3 10. bxc3 c6 11. h3 Bh5 12. g4 Bg6 13. Bxg6 hxg6 14. Qb3 Qc7 15. Ne5 Nbd7 16. f4 Ne4 17. Rac1 Ndf6 18. g5 dxc4 19. Qxc4 Nd5 20. Rf3 Kh7 21. Qd3 Nd6 22. h4 Nxe3 23. Rxe3 Nf5 24. Rh3 f6 25. Nxg6 Kxg6 26. h5+ Kf7 27. Qxf5 Qc8 28. Qg6+ Kg8 29. Rg3 fxg5 30. Rxg5 Re7 31. h6 Qf8 32. f5 Qf7 33. f6 Qxg6 34. Rxg6 Kh7 35. Rxg7+ Rxg7+ 36. hxg7 Kg6 37. Rf1 1-0

[Event "GER Pfingstopen U25"]
[Site "Playchess.com INT"]
[Date "2020.06.02"]
[Round "10"]
[White "Henning, Marvin"]
[Black "Lenz, Jonas"]
[Result "1-0"]
[WhiteElo "2249"]
[BlackElo "1954"]
[PlyCount "109"]
[EventDate "2020.06.02"]
[EventType "swiss (blitz)"]
[EventRounds "11"]
[EventCountry "GER"]
[SourceTitle "CBM 197 Extra"]
[Source "ChessBase"]
[SourceDate "2020.09.30"]
[SourceVersion "1"]
[SourceVersionDate "2020.09.30"]
[SourceQuality "1"]

1. e4 c5 2. Na3 g6 3. h4 h6 4. d4 cxd4 5. Qxd4 Nf6 6. e5 Nc6 7. Qc3 Ne4 8. Qe3 Qa5+ 9. c3 Qxe5 10. Nf3 Qe6 11. Nb5 Kd8 12. Nbd4 Nxd4 13. Nxd4 Qd5 14. Bc4 Qxc4 15. Qxe4 Bg7 16. Be3 e5 17. 0-0-0 exd4 18. Bxd4 Bxd4 19. Rxd4 Qe6 20. Qf4 Re8 21. Rhd1 Qf5 22. Qxh6 Qxf2 23. Qg5+ f6 24. Qa5+ b6 25. Qd5 Rb8 26. Qd6 Qe3+ 27. Kb1 Rb7 28. Qxf6+ Qe7 29. Qxg6 Rc7 30. h5 Bb7 31. Qg4 Qe6 32. Qh4+ Kc8 33. h6 Be4+ 34. Ka1 d5 35. g4 Rg8 36. g5 Qg6 37. Rg1 Rh7 38. Rdd1 Kb7 39. Rdf1 Rf7 40. Re1 Rh7 41. c4 Rf7 42. cxd5 Bxd5 43. Qd4 Bc6 44. a3 Rd7 45. Qf6 Rf7 46. Re7+ Rxe7 47. Qxe7+ Ka6 48. Rc1 Bb7 49. Rc7 Qe4 50. Rxb7 Qxb7 51. Qe2+ b5 52. Qe6+ Qb6 53. Qxg8 Qg1+ 54. Ka2 Qf1 55. h7 1-0

[Event "GER Cup Net V4 U2400"]
[Site "Playchess.com INT"]
[Date "2020.05.31"]
[Round "6"]
[White "Colbow, Collin"]
[Black "Henning, Marvin"]
[Result "0-1"]
[WhiteElo "2030"]
[BlackElo "2216"]
[PlyCount "92"]
[EventDate "2020.05.31"]
[EventType "swiss (blitz)"]
[EventRounds "9"]
[EventCountry "GER"]
[SourceTitle "EXT 2021"]
[Source "ChessBase"]
[SourceDate "2020.10.23"]
[SourceVersion "1"]
[SourceVersionDate "2020.10.23"]
[SourceQuality "1"]

1. e4 d5 2. exd5 Qxd5 3. Nc3 Qd6 4. d4 Nf6 5. Nf3 c6 6. g3 Bg4 7. Bg2 g6 8. 0-0 Bg7 9. Bf4 Qd8 10. Qd2 0-0 11. Ne5 Be6 12. Rad1 Nbd7 13. Rfe1 Nxe5 14. dxe5 Nh5 15. Bh6 Qxd2 16. Bxd2 Rad8 17. Ne4 b6 18. Ng5 Bf5 19. Bc3 h6 20. Nf3 Bxc2 21. Rxd8 Rxd8 22. Nd4 Ba4 23. b3 Bb5 24. a4 Ba6 25. Nxc6 Rd7 26. Bb4 Rd3 27. Bf1 Rxb3 28. Bxa6 e6 29. Bd6 Rb2 30. Nxa7 Ra2 31. Bb5 Bh8 32. Nc8 Ng7 33. Nxb6 Nf5 34. Nc4 Nd4 35. Re3 Nc2 36. Rc3 Ra1+ 37. Kg2 Ne1+ 38. Kh3 g5 39. a5 h5 40. g4 f5 41. exf6 Bxf6 42. Be5 Bxe5 43. Nxe5 Rxa5 44. Rc5 h4 45. Nd7 Ra3+ 46. f3 Rxf3# 0-1

[Event "GER Cup Net V4 U2400"]
[Site "Playchess.com INT"]
[Date "2020.05.31"]
[Round "3"]
[White "Namyslo, Holger"]
[Black "Henning, Marvin"]
[Result "0-1"]
[WhiteElo "1973"]
[BlackElo "2216"]
[PlyCount "142"]
[EventDate "2020.05.31"]
[EventType "swiss (blitz)"]
[EventRounds "9"]
[EventCountry "GER"]
[SourceTitle "EXT 2021"]
[Source "ChessBase"]
[SourceDate "2020.10.23"]
[SourceVersion "1"]
[SourceVersionDate "2020.10.23"]
[SourceQuality "1"]

1. e4 d5 2. exd5 Qxd5 3. Nc3 Qd6 4. d4 Nf6 5. Nf3 c6 6. g3 Bg4 7. Bf4 Qb4 8. a3 Qxb2 9. Na4 Bxf3 10. Nxb2 Bxd1 11. Rxd1 Nbd7 12. Bg2 e6 13. 0-0 Bxa3 14. Nc4 Be7 15. Na5 0-0 16. Nxb7 Nd5 17. Bd6 Bxd6 18. Nxd6 N7f6 19. Ra1 Rfd8 20. Nc4 Nc3 21. Bxc6 Rac8 22. Na5 Ne2+ 23. Kg2 Nxd4 24. Ba4 Nxc2 25. Rab1 h5 26. Nc6 Rxc6 27. Bxc6 Rd2 28. Kg1 Nd4 29. Ba8 Rc2 30. Rb7 Ng4 31. Rb8+ Kh7 32. Be4+ f5 33. Bxc2 Nxc2 34. Ra8 Ne5 35. Rxa7 Nd4 36. Kg2 f4 37. gxf4 Ng6 38. Kg3 h4+ 39. Kg4 Ne2 40. Re1 Nexf4 41. Ra6 e5 42. Ra5 Nd3 43. Re2 h3 44. Ra3 Ndf4 45. Rxh3+ Nxh3 46. Kxh3 Nf4+ 47. Kg4 Nxe2 48. Kf5 Ng1 49. Kxe5 Nf3+ 50. Kf4 Nxh2 51. Kg3 Nf1+ 52. Kf3 Nd2+ 53. Ke3 Nb3 54. Kf4 Kg6 55. f3 Kf6 56. Ke4 Nc5+ 57. Kd5 Ne6 58. Ke4 g5 59. Ke3 Kf5 60. Kf2 Kf4 61. Kg2 Nd4 62. Kf2 Nxf3 63. Kg2 g4 64. Kf2 Ng5 65. Kg2 Ne4 66. Kf1 Kf3 67. Kg1 Kg3 68. Kh1 Kf2 69. Kh2 g3+ 70. Kh3 g2 71. Kh4 g1Q 0-1

[Event "GER Cup Net V3 U2400"]
[Site "Playchess.com INT"]
[Date "2020.05.27"]
[Round "7"]
[White "Henning, Marvin"]
[Black "Lantzsch, Christian"]
[Result "1-0"]
[WhiteElo "2176"]
[BlackElo "2104"]
[PlyCount "81"]
[EventDate "2020.05.27"]
[EventType "swiss (blitz)"]
[EventRounds "9"]
[EventCountry "GER"]
[SourceTitle "EXT 2021"]
[Source "ChessBase"]
[SourceDate "2020.10.23"]
[SourceVersion "1"]
[SourceVersionDate "2020.10.23"]
[SourceQuality "1"]

1. e4 c5 2. Na3 e6 3. f4 d5 4. e5 Nc6 5. Nf3 a6 6. c3 Bd7 7. g3 Nh6 8. Bg2 Be7 9. Nc2 0-0 10. 0-0 b5 11. h3 b4 12. Kh2 f5 13. exf6 Bxf6 14. Re1 Qc7 15. d4 Nf5 16. g4 Nh4 17. Be3 Nxf3+ 18. Qxf3 bxc3 19. bxc3 Rab8 20. Rab1 Rb7 21. Kh1 Rfb8 22. Rxb7 Qxb7 23. f5 exf5 24. Qxd5+ Kh8 25. g5 Bd8 26. dxc5 Qc7 27. Qf7 Be7 28. Nd4 Rf8 29. Qd5 Nd8 30. h4 Bxc5 31. Bg1 Bxd4 32. Bxd4 Bc6 33. Qc5 Bxg2+ 34. Kxg2 Qb7+ 35. Kf2 Rg8 36. Re7 Qb2+ 37. Kg3 Qb8+ 38. Be5 f4+ 39. Kh2 Qa8 40. Rxg7 Rxg7 41. Qf8# 1-0

[Event "GER Cup Net V3 U2400"]
[Site "Playchess.com INT"]
[Date "2020.05.27"]
[Round "4"]
[White "Henning, Marvin"]
[Black "Schulz, Michael4444"]
[Result "1-0"]
[WhiteElo "2141"]
[BlackElo "1978"]
[PlyCount "79"]
[EventDate "2020.05.27"]
[EventType "swiss (blitz)"]
[EventRounds "9"]
[EventCountry "GER"]
[SourceTitle "EXT 2021"]
[Source "ChessBase"]
[SourceDate "2020.10.23"]
[SourceVersion "1"]
[SourceVersionDate "2020.10.23"]
[SourceQuality "1"]

1. e4 g6 2. h4 Bg7 3. h5 c5 4. Nc3 Nc6 5. d3 d6 6. h6 Bf8 7. Be2 Nf6 8. Nf3 e5 9. a3 Be7 10. Bg5 0-0 11. Qd2 Bg4 12. Bxf6 Bxf6 13. Nd5 Bxf3 14. Bxf3 Nd4 15. Qd1 Bg5 16. c3 Nc6 17. Qb3 b6 18. Bg4 f5 19. Ne7+ Kh8 20. Nxc6 Qc7 21. Bf3 f4 22. Qd5 Rac8 23. Nb4 cxb4 24. axb4 Qf7 25. Qxf7 Rxf7 26. Bg4 Rcc7 27. Be6 Rfe7 28. Bd5 Rc8 29. Ra6 Rcc7 30. Ke2 Red7 31. Kf3 Bd8 32. Kg4 Re7 33. Rd1 Red7 34. Raa1 Be7 35. Be6 Rd8 36. d4 Bf8 37. dxe5 Be7 38. exd6 Rxd6 39. Rxd6 Bxd6 40. Rd1 1-0

[Event "GER Cup Net V3 U2400"]
[Site "Playchess.com INT"]
[Date "2020.05.27"]
[Round "9"]
[White "Promyshlyanskiy, Vitaliy"]
[Black "Henning, Marvin"]
[Result "0-1"]
[WhiteElo "2106"]
[BlackElo "2185"]
[PlyCount "70"]
[EventDate "2020.05.27"]
[EventType "swiss (blitz)"]
[EventRounds "9"]
[EventCountry "GER"]
[SourceTitle "EXT 2021"]
[Source "ChessBase"]
[SourceDate "2020.10.23"]
[SourceVersion "1"]
[SourceVersionDate "2020.10.23"]
[SourceQuality "1"]

1. e4 d5 2. exd5 Qxd5 3. Nc3 Qd6 4. d4 Nf6 5. Nf3 c6 6. Ne5 Nbd7 7. Nc4 Qc7 8. a4 Nb6 9. a5 Nxc4 10. Bxc4 Bf5 11. Qf3 e6 12. Bb3 Bd6 13. h3 h6 14. 0-0 0-0 15. g4 Bg6 16. Bxh6 gxh6 17. Qxf6 Be7 18. Qe5 Bd6 19. Qf6 Be7 20. Qf3 Rad8 21. Qe3 Bf6 22. Ne2 c5 23. dxc5 Bxb2 24. Rad1 Ba3 25. Qxh6 Bxc5 26. Nf4 Rxd1 27. Rxd1 Qe5 28. Nxg6 Qg3+ 29. Kh1 Qf3+ 30. Kh2 Qxf2+ 31. Kh1 Qf3+ 32. Kh2 Qe2+ 33. Kh1 Qxd1+ 34. Kg2 Qe2+ 35. Kg3 Qf2# 0-1

[Event "GER Cup Net V3 U2400"]
[Site "Playchess.com INT"]
[Date "2020.05.27"]
[Round "8"]
[White "Serrer, Christoph"]
[Black "Henning, Marvin"]
[Result "1/2-1/2"]
[WhiteElo "2014"]
[BlackElo "2189"]
[PlyCount "32"]
[EventDate "2020.05.27"]
[EventType "swiss (blitz)"]
[EventRounds "9"]
[EventCountry "GER"]
[SourceTitle "EXT 2021"]
[Source "ChessBase"]
[SourceDate "2020.10.23"]
[SourceVersion "1"]
[SourceVersionDate "2020.10.23"]
[SourceQuality "1"]

1. c4 c5 2. Nf3 Nc6 3. d4 cxd4 4. Nxd4 e5 5. Nc2 Nf6 6. g3 h5 7. h4 d5 8. cxd5 Qxd5 9. Qxd5 Nxd5 10. a3 Bf5 11. Bg2 Bxc2 12. Bxd5 0-0-0 13. e4 f5 14. Nc3 Nd4 15. Be3 Bxe4 16. Bxe4 fxe4 1/2-1/2

[Event "GER Cup Net V2 U2400"]
[Site "Playchess.com INT"]
[Date "2020.05.22"]
[Round "2"]
[White "Henning, Marvin"]
[Black "Richter, Nils"]
[Result "1-0"]
[WhiteElo "2160"]
[BlackElo "1620"]
[PlyCount "145"]
[EventDate "2020.05.22"]
[EventType "swiss (blitz)"]
[EventRounds "9"]
[EventCountry "GER"]
[SourceTitle "EXT 2021"]
[Source "ChessBase"]
[SourceDate "2020.10.23"]
[SourceVersion "1"]
[SourceVersionDate "2020.10.23"]
[SourceQuality "1"]

1. e4 c5 2. Na3 e6 3. f4 d5 4. e5 Nc6 5. Nf3 Nh6 6. c3 Be7 7. g3 Nf5 8. Bg2 0-0 9. 0-0 d4 10. d3 Qc7 11. Qe2 b6 12. g4 Nh4 13. Nxh4 Bxh4 14. cxd4 Nxd4 15. Qd1 Bb7 16. Be3 Be7 17. Qd2 Bxg2 18. Qxg2 Rad8 19. Rad1 Qc6 20. Nc4 Qxg2+ 21. Kxg2 Rd7 22. Bxd4 Rxd4 23. b3 Rfd8 24. Nb2 f6 25. exf6 gxf6 26. Rfe1 Kf7 27. Kf3 Bd6 28. Re4 Bc7 29. Rde1 Rxe4 30. Rxe4 f5 31. gxf5 exf5 32. Re2 Rd4 33. Kg2 Rxf4 34. Nc4 Rd4 35. Rd2 Bf4 36. Rd1 Kf6 37. h3 b5 38. Na5 Rd7 39. Kf3 Bc7 40. Nc6 Bb6 41. Ke2 Rd6 42. Nb8 Bc7 43. Rc1 Bxb8 44. Rxc5 a6 45. Rc8 Ba7 46. Rc7 Bd4 47. Rxh7 Re6+ 48. Kd2 f4 49. Rh8 Kg7 50. Rh4 Be3+ 51. Ke2 Kg6 52. Kf3 Bc1 53. d4 Re3+ 54. Kf2 Rd3 55. Rg4+ Kf5 56. Rg8 Rxd4 57. Re8 Rd2+ 58. Kf3 Rxa2 59. Rf8+ Kg6 60. Ra8 Ra3 61. Kg4 Bd2 62. h4 a5 63. h5+ Kg7 64. Ra7+ Kf6 65. Ra6+ Ke5 66. h6 Ke4 67. h7 Rxb3 68. h8Q Rg3+ 69. Kh4 Be1 70. Re6+ Kf3 71. Rxe1 Rg4+ 72. Kh5 Rg5+ 73. Kxg5 1-0

[Event "GER Cup Net V2 U2400"]
[Site "Playchess.com INT"]
[Date "2020.05.22"]
[Round "1"]
[White "Laux, Dominik"]
[Black "Henning, Marvin"]
[Result "1/2-1/2"]
[WhiteElo "1966"]
[BlackElo "2160"]
[PlyCount "74"]
[EventDate "2020.05.22"]
[EventType "swiss (blitz)"]
[EventRounds "9"]
[EventCountry "GER"]
[SourceTitle "EXT 2021"]
[Source "ChessBase"]
[SourceDate "2020.10.23"]
[SourceVersion "1"]
[SourceVersionDate "2020.10.23"]
[SourceQuality "1"]

1. d4 c5 2. c3 b6 3. Nf3 Bb7 4. Bf4 Nf6 5. e3 e6 6. Bd3 d5 7. 0-0 Bd6 8. Nbd2 0-0 9. Re1 a6 10. Ne5 Nc6 11. Ndf3 h6 12. h3 Rc8 13. Nxc6 Rxc6 14. Bxd6 Qxd6 15. Ne5 Rcc8 16. f4 Nd7 17. Qg4 f5 18. Qe2 b5 19. g4 Nxe5 20. fxe5 Qe7 21. Rf1 Qg5 22. Kh2 f4 23. exf4 Rxf4 24. Qe3 Rcf8 25. Rxf4 Rxf4 26. Rf1 Rxf1 27. Qxg5 hxg5 28. Bxf1 cxd4 29. cxd4 Kf7 30. Bd3 Ke7 31. Kg3 Bc6 32. b4 Be8 33. h4 gxh4+ 34. Kxh4 Kf8 35. Kg5 Kg8 36. Bg6 Bd7 37. Bd3 Be8 1/2-1/2